| 000 | 00663nam a22002177a 4500 | ||
|---|---|---|---|
| 999 |
_c4418 _d4418 |
||
| 001 | 4418 | ||
| 003 | BD-JhCC | ||
| 005 | 20171127112410.0 | ||
| 008 | 171127s19621964bg |||| |a|| 000 0 ben d | ||
| 035 | _a(BD-JhCC)4418 | ||
| 040 |
_aBD-JhCC _dBD-JhCC |
||
| 041 | _aben | ||
| 082 |
_a891.4415 _bAZA 1962 |
||
| 100 | _aআজাদ, আলাউদ্দিন আল | ||
| 245 |
_aভোরের নদীর মোহনার জাগরণ / _cআলাউদ্দিন আল আজাদ |
||
| 260 |
_aঢাকা : _bমুক্তধারা, _c1962. |
||
| 300 |
_a79 p. : _c21 cm. |
||
| 650 | _aBengali Poem | ||
| 942 |
_2ddc _cBK |
||